Antimatter Dimensions - "Resources" - Statistics

General Stats
  • This quiz has been taken 6 times
  • The average score is 47 of 81
Answer Stats
Answer % Correct
Antimatter
100%
Antimatter Dimensions
100%
Antimatter Galaxies
100%
Dark Energy
100%
Dark Matter
100%
Dilated Time
100%
Dimension Boosts
100%
Effarig
100%
Eternities
100%
Eternity
100%
Eternity Points
100%
Glyph Knight
100%
Infinities
100%
Infinity
100%
Infinity Dimensions
100%
Infinity Points
100%
Momentum
100%
Power
100%
Realities
100%
Reality
100%
Reality Machines
100%
Relic Shards
100%
Replicanti
100%
Replicanti Galaxies
100%
Space Theorems
100%
Tachyon Particles
100%
Time
100%
Time Theorems
100%
Dark Matter Dimensions
75%
Dilation
75%
Eternal Sunshine
75%
Imaginary Machines
75%
Infinity Power
75%
Matterception
75%
Perk Points
75%
Reality Shards
75%
Replication
75%
Requiem for a Glyph
75%
Singularities
75%
Synergism
75%
Tachyon Galaxies
75%
Time Dimensions
75%
Time Shards
75%
Antistellar
50%
Fifth Rift
50%
First Rift
50%
Fourth Rift
50%
Post-destination
50%
Remnants
50%
Se7en deadly matters
50%
Shutter Glyph
50%
Third Rift
50%
Young Boy
50%
Boundless
25%
Effarig Memories
25%
Effarig Memory Chunks
25%
Game Time
25%
Nameless Memories
25%
Nameless Memory Chunks
25%
Real Time
25%
Second Rift
25%
Teresa Memories
25%
Teresa Memory Chunks
25%
V Memories
25%
V Memory Chunks
25%
Alternation
0%
Cardinality
0%
Decoherence
0%
Dilation Glyph Sacrifice
0%
Dimensionality
0%
Effarig Glyph Sacrifice
0%
Exponential
0%
Force
0%
Infinity Glyph Sacrifice
0%
Inflation
0%
Multiversal
0%
Power Glyph Sacrifice
0%
Replication Glyph Sacrifice
0%
Time Glyph Sacrifice
0%
Uncountability
0%
Unpredictability
0%
No matching quizzes found
Score Distribution
Percent of People with Each Score
Percentile by Number Answered
Your Score History
You have not taken this quiz